[Event "POL-ch U18"]
[Site "Szklarska Poreba"]
[Date "2021.03.17"]
[Round "5"]
[White "Dalkowski, Rafal"]
[Black "Distel, Pawel"]
[Result "1/2-1/2"]
[WhiteElo "1989"]
[BlackElo "1890"]
[PlyCount "148"]
[EventDate "2021.03.13"]
[EventType "swiss"]
[EventRounds "9"]
[EventCountry "POL"]
[SourceTitle "CBM 201 Extra"]
[Source "ChessBase"]
[SourceDate "2021.05.31"]
[SourceVersion "1"]
[SourceVersionDate "2021.05.31"]
[SourceQuality "1"]

1. d4 Nf6 2. c4 g6 3. Nc3 Bg7 4. e4 d6 5. f3 0-0 6. Be3 Nc6 7. Nge2 a6 8. Nc1 e5 9. Nb3 exd4 10. Nxd4 Ne5 11. Be2 Rb8 12. 0-0 c5 13. Nc2 Be6 14. b3 b5 15. cxb5 axb5 16. Nxb5 Qa5 17. Qxd6 Rxb5 18. Bxb5 Qxb5 19. Qxe5 Nd5 20. Qg3 Nxe3 21. Nxe3 Bd4 22. Rae1 c4 23. bxc4 Bxc4 24. Qf2 Ra8 25. Rd1 Bxe3 26. Qxe3 Bxf1 27. Rxf1 Rxa2 28. h3 Re2 29. Qf4 Rb2 30. h4 Rb1 31. Rxb1 Qxb1+ 32. Kh2 h5 33. Qf6 Qe1 34. Kh3 Qh1+ 35. Kg3 Qe1+ 36. Kh2 Qe3 37. e5 Qe1 38. Qf4 Qe2 39. Qd4 Kf8 40. Qa1 Qe3 41. Kg3 Ke7 42. Kh3 Ke6 43. Qa2+ Ke7 44. Qd5 Qe1 45. Qc5+ Ke8 46. Qd4 Qh1+ 47. Kg3 Qe1+ 48. Kh2 Ke7 49. Qf4 Qe2 50. Qb4+ Ke8 51. Qc3 Ke7 52. Kg3 Ke6 53. Qc6+ Ke7 54. Qe4 Qa2 55. Kh3 Qe6+ 56. g4 hxg4+ 57. fxg4 Qb3+ 58. Kg2 Qb2+ 59. Kg3 Qd2 60. g5 Qc3+ 61. Kg4 Qc1 62. Qb4+ Ke8 63. Qb8+ Ke7 64. Qd6+ Ke8 65. Qd4 Qf1 66. Qa4+ Ke7 67. Qa3+ Ke8 68. Qa8+ Ke7 69. Qb7+ Ke6 70. Qc6+ Kxe5 71. Qe8+ Kd6 72. Qd8+ Ke6 73. Qe8+ Kd6 74. Qd8+ Ke6 1/2-1/2

[Event "POL-ch U18"]
[Site "Szklarska Poreba"]
[Date "2020.03.12"]
[Round "6"]
[White "Derylo, Kamil"]
[Black "Distel, Pawel"]
[Result "1-0"]
[WhiteElo "2083"]
[BlackElo "1950"]
[PlyCount "51"]
[EventDate "2020.03.07"]
[EventType "swiss"]
[EventRounds "8"]
[EventCountry "POL"]
[SourceTitle "CBM 195 Extra"]
[Source "ChessBase"]
[SourceDate "2020.05.31"]
[SourceVersion "1"]
[SourceVersionDate "2020.05.31"]
[SourceQuality "1"]

1. Nf3 f5 2. d3 Nf6 3. Nbd2 d6 4. e4 e5 5. g3 Be7 6. Bg2 0-0 7. c3 Nc6 8. Qb3+ Kh8 9. exf5 d5 10. 0-0 Bxf5 11. Re1 Bxd3 12. Nxe5 Nxe5 13. Rxe5 c6 14. h3 Bc5 15. Kh2 Bxf2 16. Nf3 Ne4 17. Bf4 Qf6 18. Qxb7 Bxg3+ 19. Bxg3 Nxg3 20. Qe7 Qf4 21. Qg5 Nf1+ 22. Kg1 Ng3 23. Rae1 h6 24. Qxf4 Rxf4 25. Nd4 Raf8 26. R5e3 1-0

[Event "Raciborz op 20th"]
[Site "Raciborz"]
[Date "2020.01.11"]
[Round "2"]
[White "Distel, Pawel"]
[Black "Barski, Radoslaw"]
[Result "0-1"]
[WhiteElo "1880"]
[BlackElo "2439"]
[PlyCount "68"]
[EventDate "2020.01.11"]
[EventType "swiss"]
[EventRounds "9"]
[EventCountry "POL"]
[SourceTitle "CBM 194 Extra"]
[Source "ChessBase"]
[SourceDate "2020.03.31"]
[SourceVersion "1"]
[SourceVersionDate "2020.03.31"]
[SourceQuality "1"]

1. e4 c5 2. Nc3 a6 3. a4 Nc6 4. f4 g6 5. Nf3 Bg7 6. Bc4 e6 7. d3 Nge7 8. 0-0 d5 9. Ba2 0-0 10. Qe1 Nd4 11. Bb1 b6 12. Kh1 Bb7 13. Nd2 Qd7 14. Nd1 e5 15. c3 Ndc6 16. exd5 Nxd5 17. f5 Nf4 18. Ne4 gxf5 19. Ng3 Nxg2 20. Kxg2 Nd4+ 21. Kg1 Qc6 22. Ne3 Nf3+ 23. Rxf3 Qxf3 24. Qe2 f4 25. Qxf3 Bxf3 26. Kf2 Bc6 27. Nef5 fxg3+ 28. hxg3 Rfe8 29. Bg5 Bd7 30. Nd6 Re6 31. Ne4 f5 32. Nd2 Rg6 33. Bh4 Rf8 34. Nf3 f4 0-1